Popularne zagraniczne piosenki w Polsce. 14-20.05 Spotify - Statystyki

Ogólne statystyki
  • Ten quiz został rozwiązany 7 razy
  • Średni wynik to 12 z 30
Statystyki odpowiedzi
Wykonawca Odsłuchania Utwór % Poprawnych
The Weeknd 277K Blinding Lights
67%
Olivia Rodrigo 238K deja vu
67%
Olivia Rodrigo 268K drivers license
67%
Doja Cat, SZA 402K Kiss Me More
67%
Dua Lipa, DaBaby 452K Levitating
67%
Justin Bieber, Daniel Caesar, Giveon 375K Peaches
67%
Miley Cyrus, Dua Lipa 213K Prisoner
67%
The Weeknd 194K Save Your Tears
67%
The Weeknd, Ariana Grande 287K Save Your Tears (Remix)
67%
Harry Styles 239K Watermelon Sugar
67%
Riton, Nightcrawlers, Mufasa, Hypeman 569K Friday
50%
Lil Nas X 511K MONTERO (Call Me By Your Name)
50%
Majestic, Boney M. 276K Rasputin
50%
Tiesto 342K The Business
50%
Tom Odell 258K Another Love
33%
Masked Wolf 445K Astronaut In The Ocean
33%
Joel Corry, RAYE, David Guetta 205K BED
33%
Olivia Rodrigo 353K good 4 u
33%
Joel Corry, MNEK 234K Head & Heart
33%
AURORA 221K Runaway
33%
The Neighbourhood 234K Sweater Weather
33%
ATB, Topic, A7S 306K Your Love (9PM)
33%
Bruno Mars, Anderson .Paak, Silk Sonic 196K Leave The Door Open
17%
Ava Max 210K My Head & My Heart
17%
MEDUZA, Dermot Kennedy 231K Paradise
17%
Ofenbach, Lagique 260K Wasted Love
17%
Nathan Evans, 220 KID, Billen Ted 214K Wellerman - Sea Shanty
17%
Billie Eilish 290K Your Power
17%
Ofenbach, Quarterhead, Norma Jean Martine 186K Head Shoulders Knees & Toes
0%
Dua Lipa 189K We're Good
0%
Nie znaleziono quizów pasujących do podanych kryteriów
Rozkład punktacji
Procent ludzi z każdym wynikiem
Percentyl według liczby udzielonych odpowiedzi
Twoja historia wyników
Nie rozwiązałeś tego quizu